000 01031nac a22002771u 4500
010 _a 2006024039
020 _a1420044834 (alk. paper)
020 _a9781420044836 (alk. paper)
035 _a(OCoLC)ocm70836642
035 _a(OCoLC)70836642
082 0 0 _a670.427
_bDES
090 _c7975
_d7975
100 _aDe Silva, Clarence W.
245 1 0 _aSensors and actuators :
_bcontrol systems instrumentation /
_cClarence W. de Silva.
260 _aBoca Raton, FL :
_bCRC Press,
_cc2007.
300 _a671 p. :
_bill. ;
_c27 cm.
500 _aDistributer: Al-Ahram.
504 _aIncludes bibliographical references (p. 647-651) and index.
511 _aCatalogued By: Mahitab.
650 0 _aAutomatic control.
650 0 _aDetectors.
650 0 _aActuators.
856 4 1 _3Table of contents only
_uhttp://www.loc.gov/catdir/toc/ecip0618/2006024039.html
856 4 1 _3Publisher description
_uhttp://www.loc.gov/catdir/enhancements/fy0664/2006024039-d.html
942 _cBB
_k670.427DES
999 _c7975
_d7975